[Event "Barcelona Vila de Grаcia op 16th"]
[Site "Barcelona"]
[Date "2022.11.18"]
[Round "8"]
[White "Alonso Gonzalez, Carlos"]
[Black "Carrasco Cortada, Juan"]
[Result "1-0"]
[WhiteElo "1938"]
[BlackElo "1748"]
[PlyCount "103"]
[EventDate "2022.09.30"]
[EventType "swiss"]
[EventRounds "9"]
[EventCountry "ESP"]
[SourceTitle "EXT 2024"]
[Source "ChessBase"]
[SourceDate "2023.10.10"]
[SourceVersion "1"]
[SourceVersionDate "2023.10.10"]
[SourceQuality "1"]

1. e4 e5 2. Bc4 Nf6 3. d4 exd4 4. Nf3 Nc6 5. 0-0 Nxe4 6. Nc3 Nxc3 7. bxc3 d5 8. Bd3 Be7 9. Re1 0-0 10. cxd4 h6 11. c3 Be6 12. Rb1 Bd6 13. Rxb7 Qc8 14. Rb1 Bf5 15. Be3 Re8 16. Qd2 Bxd3 17. Qxd3 Na5 18. Qb5 Nc4 19. Qxd5 Qa6 20. Nd2 Nxd2 21. Bxd2 Red8 22. Qb3 Qd3 23. Rbd1 Qf5 24. c4 Rab8 25. Qe3 Rb2 26. c5 Bf8 27. a3 Qc2 28. Bb4 c6 29. Rd2 Qb3 30. Qxb3 Rxb3 31. Kf1 g6 32. Red1 Rd5 33. Ke2 Bg7 34. f3 a5 35. Bxa5 Rxa3 36. Bc7 Ra4 37. Ke3 h5 38. g3 Bh6+ 39. f4 Bg7 40. Be5 f6 41. Bd6 Kf7 42. Rb1 Ra3+ 43. Rd3 Ra7 44. Rdb3 g5 45. Rb7+ Rxb7 46. Rxb7+ Kg6 47. Rc7 gxf4+ 48. gxf4 f5 49. Be5 Bxe5 50. fxe5 f4+ 51. Ke4 f3 52. Rxc6+ 1-0

[Event "Barcelona Sant Marti op-B 21st"]
[Site "Barcelona"]
[Date "2019.07.17"]
[Round "5"]
[White "Karapetyan Hakobyan, Daniel"]
[Black "Carrasco Cortada, Juan"]
[Result "1-0"]
[WhiteElo "1339"]
[BlackElo "1733"]
[PlyCount "37"]
[EventDate "2019.07.13"]
[EventType "swiss"]
[EventRounds "9"]
[EventCountry "ESP"]
[SourceTitle "EXT 2020"]
[Source "ChessBase"]
[SourceDate "2019.10.17"]
[SourceVersion "1"]
[SourceVersionDate "2019.10.17"]
[SourceQuality "1"]

1. c4 Nf6 2. Nc3 g6 3. g3 Bg7 4. Bg2 0-0 5. e3 d6 6. Nge2 e5 7. 0-0 c6 8. d4 Qe7 9. Qb3 Nbd7 10. Bd2 Rb8 11. Rab1 Nb6 12. dxe5 dxe5 13. Na4 Bf5 14. Bb4 Qe6 15. Bxf8 Bxb1 16. Bxg7 Nxa4 17. Qxa4 Bd3 18. Bxf6 Bxe2 19. Re1 1-0

[Event "Barcelona Sant Marti op-B 21st"]
[Site "Barcelona"]
[Date "2019.07.14"]
[Round "2"]
[White "Carrasco Cortada, Juan"]
[Black "Gutierrez Palomino, Albert"]
[Result "0-1"]
[WhiteElo "1733"]
[BlackElo "1941"]
[PlyCount "58"]
[EventDate "2019.07.13"]
[EventType "swiss"]
[EventRounds "9"]
[EventCountry "ESP"]
[SourceTitle "EXT 2020"]
[Source "ChessBase"]
[SourceDate "2019.10.17"]
[SourceVersion "1"]
[SourceVersionDate "2019.10.17"]
[SourceQuality "1"]

1. d4 g6 2. c4 Bg7 3. Nc3 d6 4. Nf3 Nd7 5. Bf4 c5 6. e3 Ngf6 7. Be2 0-0 8. 0-0 cxd4 9. exd4 b6 10. Qc2 Bb7 11. Rad1 Rc8 12. b3 Qc7 13. h3 a6 14. Qd2 Rfe8 15. d5 b5 16. Rc1 bxc4 17. Bxc4 Nb6 18. Na4 Nxa4 19. Bb5 Nc3 20. Bxe8 Nxe8 21. Rfe1 Qd7 22. a4 Nxd5 23. Rxc8 Qxc8 24. Rc1 Qd7 25. Bh6 e5 26. Bxg7 Kxg7 27. Qe2 Nef6 28. Qc4 Qf5 29. Ne1 Ne4 0-1

[Event "Catalunya Club op"]
[Site "Spain"]
[Date "1999.??.??"]
[Round "?"]
[White "Caballe Sasot, Roger"]
[Black "Carrasco Cortada, Juan"]
[Result "0-1"]
[WhiteElo "2155"]
[BlackElo "2060"]
[PlyCount "98"]
[EventDate "1999.??.??"]
[EventType "swiss"]
[EventRounds "9"]
[EventCountry "ESP"]
[SourceTitle "EXT 2000"]
[Source "ChessBase"]
[SourceDate "1999.11.16"]
[SourceVersion "1"]
[SourceVersionDate "1999.11.16"]
[SourceQuality "1"]

1. e4 c5 2. Nf3 Nc6 3. d4 cxd4 4. Nxd4 g6 5. c4 Nf6 6. Nc3 Nxd4 7. Qxd4 Bg7 8. Be3 d6 9. f3 0-0 10. Qd2 Be6 11. Be2 Qa5 12. 0-0 Rfc8 13. b3 a6 14. Rac1 b5 15. cxb5 axb5 16. Rfd1 Bd7 17. Rc2 b4 18. Nd5 Rxc2 19. Qxc2 Nxd5 20. Rxd5 Qxa2 21. Qxa2 Rxa2 22. Bc4 h5 23. Rd2 Ra1+ 24. Kf2 Bc3 25. Rc2 Kf8 26. Bd2 Bd4+ 27. Be3 Bc5 28. Bxc5 dxc5 29. Rd2 Ra7 30. h4 e6 31. e5 Ke7 32. Ke3 Bc6 33. g3 Rd7 34. Rxd7+ Kxd7 35. f4 Kc7 36. Bd3 Bd5 37. Bc2 Kb6 38. Kd2 Kb5 39. Bd3+ c4 40. bxc4+ Bxc4 41. Be4 Kc5 42. Bb7 Bb5 43. Kc2 Kc4 44. Bf3 Ba4+ 45. Kb2 Kd4 46. g4 hxg4 47. Bxg4 Ke4 48. h5 gxh5 49. Bxh5 Be8 0-1

[Event "Catalunya Club op"]
[Site "Spain"]
[Date "1999.??.??"]
[Round "?"]
[White "Nunez Lucero, Francisco Alex"]
[Black "Carrasco Cortada, Juan"]
[Result "1-0"]
[WhiteElo "2260"]
[BlackElo "2060"]
[PlyCount "81"]
[EventDate "1999.??.??"]
[EventType "swiss"]
[EventRounds "9"]
[EventCountry "ESP"]
[SourceTitle "EXT 2000"]
[Source "ChessBase"]
[SourceDate "1999.11.16"]
[SourceVersion "1"]
[SourceVersionDate "1999.11.16"]
[SourceQuality "1"]

1. e4 e5 2. f4 exf4 3. Nf3 d5 4. exd5 Nf6 5. d4 Nxd5 6. Bd3 Qe7+ 7. Qe2 Qxe2+ 8. Kxe2 Bd6 9. c4 Nb4 10. c5 Nxd3 11. Kxd3 Bf5+ 12. Kc4 Be7 13. Bxf4 c6 14. Re1 Be6+ 15. Kc3 Nd7 16. Ng5 Bxg5 17. Bxg5 0-0 18. Nd2 Bd5 19. Re7 Rad8 20. Rae1 f6 21. Bf4 Rf7 22. Bd6 Nf8 23. g3 Rxe7 24. Rxe7 Rd7 25. Re8 Rf7 26. Ra8 a6 27. Nc4 Bxc4 28. Kxc4 g5 29. Rb8 f5 30. d5 f4 31. gxf4 gxf4 32. Bxf8 Rxf8 33. Rxf8+ Kxf8 34. d6 Kf7 35. Kd4 Ke6 36. Ke4 a5 37. Kxf4 b6 38. cxb6 Kxd6 39. Ke4 c5 40. b7 Kc7 41. Kd5 1-0